<A> direct method for the characterization and computation of bifurcation points with Corank 2.

Analýza rozšírenia priamej metódy podľa Griewanka a Reddiena na charakterizovanie a výpočet dvojitých singulárnych bodov s defektom 2. Uvažuje sa aj o singulárnych bodoch, ktoré spĺňajú istý druh symetrie. Použitá metóda vytvorí rozšírený systém, ktorý neuvádza nulové vektory ako premenné, ale posky...

Ausführliche Beschreibung

Gespeichert in:
Bibliographische Detailangaben
1. Verfasser: Basem, S.A
Format: Buchkapitel
Sprache:Englisch
Schlagworte:
Tags: Tag hinzufügen
Keine Tags, Fügen Sie das erste Tag hinzu!

MARC

LEADER 00000naa a2200000 4500
001 r009937
005 20221130112636.3
041 0 |a eng 
044 |a AT 
245 1 0 |a <A> direct method for the characterization and computation of bifurcation points with Corank 2.  |c S.A. Basem 
520 |a Analýza rozšírenia priamej metódy podľa Griewanka a Reddiena na charakterizovanie a výpočet dvojitých singulárnych bodov s defektom 2. Uvažuje sa aj o singulárnych bodoch, ktoré spĺňajú istý druh symetrie. Použitá metóda vytvorí rozšírený systém, ktorý neuvádza nulové vektory ako premenné, ale poskytne dostatok informácií o ich vlastnostiach. Na niekoľkých numerických príkladoch sa demonštruje, že táto metóda je efektívna. 
610 2 0 |a metódy matematické 
610 2 0 |a Gauss-Newton 
100 1 |a Basem, S.A.